000 00500nam a2200181Ia 4500
005 20250326125207.0
008 250326s9999 xx 000 0 und d
037 _aTextbook
040 _aFMSL
_beng
_cFMSL
041 _aeng
_2eng
084 _aX5 L21
_qFMSL
100 _aFarmer R N
_9736734
245 0 _aIntroduction to business: systems and environment
_cFarmer R N
260 _aNY
_bNY, Random House
_c1972
300 _a440p
942 _cTB
_hX5 L21
999 _c1276954
_d1276954